Népesség - és társadalomstatisztikai zsebkönyv 1984

Na minha lista:
Detalhes bibliográficos
Formato: Livro
Idioma:húngaro
Publicado em: Budapest Központi Statisztikai Hivatal 1986
Edição:1. kiadás.
Tags: Adicionar Tag
Sem tags, seja o primeiro a adicionar uma tag!

MARC

LEADER 00000nam a2200000 4500
001 c034128
005 20221220072142.1
041 0 |a hun 
044 |a HU 
245 1 0 |a Népesség - és társadalomstatisztikai zsebkönyv 1984 
250 |a 1. kiadás. 
264 1 |a Budapest  |b Központi Statisztikai Hivatal  |c 1986 
300 |a 309 s.